1318 1241 1643 1660 1116 1278 1844 1857 1357 1262 1167 1723 1451 1897 1514 1789 1173 1096 1310 1958 1037 1400 1974 1790 1584 1534 1960 1956 1892 1909 1473 1237 1727 1462 1090 1464 1656 1008 1122 1961 1851 1456 1751 1220 1264 1047 1827 1384 1619 1591 1266 1838 1920 1553 1645 1748 1007 1304 1616 1400 1655 1617 1732 1035 1848 1060 1682 1037 1745 1644 1103 1884 1595 1868 1714 1090 1714 1850 1709 1797 1512 1671 1756 1796 1297 1890 1831 1510 1962 1637 1645 1043 1436 1805 1779 1701 1459 1485 1079 BCNSPRNW ULIB Ver.6.0+V

เปลี่ยนเป็นภาษาไทย

Change to English
 แสดงรายละเอียดบรรณานุกรม
  กลับหน้าหลัก

Brief Record : Get Marc (ISO 2709) : E-mail record : QR code < ปิดหน้าต่าง
LEADER : 00000nam 2200000uu 4500
001    13399109653
003     ULIB
008    110407s2552||||th 000 0 tha d
020    9789747434798
060 04 WB935^bส761ส 2552
110 1  มหาวิทยาลัยราชภัฏนครสวรรค์
245 10 สืบสานประเพณี-วิถีบรรพชน:ภูมิปัญญาการแพทย์แผนไทยจังหวัดนครสวรรค์/^cบรรณาธิการ,สุชาติ แสงทอง,ประสูติ พวงสมบัติ,นลินี บุญธรรม
260    กรุงเทพฯ :^bมหาวิทยาลัยราชภัฏนครสวรรค์,^c2552
300    237 หน้า :^bภาพประกอบสี
650  7 การแพทย์แผนไทย
650  7 สมุนไพร
700 0  สุชาติ แสงทอง,^eบรรณาธิการ
700 0  ประสูติ พวงสมบัติ,^eบรรณาธิการ
700 0  นลินี บุญธรรม,^eบรรณาธิการ
945    ^p0^l0^i026591
945    ^p0^l0^i026590
995    ทศพร
999 ^a ใช้งานได้ทุกระบบ
รายการนี้ยังไม่มีแท็ก
คุณยังไม่ได้ล็อกอิน คุณสามารถมีกิจกรรมร่วมกับเว็บไซต์ได้ แต่ต้องล็อกอินก่อน ::
  ล็อกอิน

รายการสื่อสารสนเทศ

ลำดับที่ ประเภท เลขเรียก/บาร์โค้ด สถานที่ สถานะ
- ไม่พบข้อมูล -

รายการใกล้เคียง
    หัวเรื่อง [การแพทย์แผนไทย]
    หัวเรื่อง [สมุนไพร]

BibComment


ยังไม่เคยถูกคอมเมนท์

คอมเมนท์ทรัพยากรรายการนี้
  คอมเมนท์: สืบสานประเพณีวิถี..


 Copyright 2026. Bcnsprnw @Library